000 00594nam a22001817a 4500
999 _c11262
_d11262
008 181024b ||||| |||| 00| 0 eng d
020 _a978-1-337-68736-2
082 _22019
_aDC 364.68
_bAl121
100 _aAlarid, Leanne Fiftal.
_932432
245 _aCommunity-based corrections /
_cLeanne Fiftal Alarid.
250 _aTwelve Edition
260 _aAustralia:
_bCengage,
_c©2019.
300 _axx, 412 pages:
_billustrations;
_c25 cm.
500 _aIncludes glossary, references, and index.
650 _aCommunity-based corrections.
_932433
365 _b1,095.00
_cPhp.
942 _2ddc
_cDC